[Event "Barcelona Sants op-C 19th"]
[Site "Barcelona"]
[Date "2017.08.23"]
[Round "6"]
[White "Lopez Oliva, Victor"]
[Black "Lopez Arjona, Emilio"]
[Result "1/2-1/2"]
[WhiteElo "1530"]
[BlackElo "1547"]
[PlyCount "100"]
[EventDate "2017.08.18"]
[EventType "swiss"]
[EventRounds "10"]
[EventCountry "ESP"]
[SourceTitle "EXT 2024"]
[Source "ChessBase"]
[SourceDate "2023.10.10"]
[SourceVersion "1"]
[SourceVersionDate "2023.10.10"]
[SourceQuality "1"]

1. e4 c5 2. d4 cxd4 3. c3 d3 4. Bxd3 e6 5. Nf3 Be7 6. 0-0 a6 7. Qc2 d6 8. Be3 Nf6 9. Nbd2 Nbd7 10. Nd4 0-0 11. N2f3 Nc5 12. e5 dxe5 13. Nxe5 Nxd3 14. Nxd3 Qc7 15. Nf3 b5 16. Rad1 Bb7 17. Bf4 Qc4 18. b3 Qc8 19. Nfe5 Rd8 20. c4 Be4 21. f3 Bc5+ 22. Kh1 Bxd3 23. Rxd3 Rxd3 24. Qxd3 bxc4 25. Qxc4 Nd5 26. Nd3 Bf8 27. Rc1 Qxc4 28. Rxc4 Nxf4 29. Nxf4 Rd8 30. Kg1 Rd1+ 31. Kf2 Rd2+ 32. Ke3 Rxa2 33. Rc8 g6 34. h3 Kg7 35. g3 Ra3 36. Rb8 a5 37. Rb7 Kg8 38. Ke4 Bd6 39. h4 h5 40. Rb6 Bc7 41. Rb7 Bd6 42. Rb6 Bb4 43. Rb8+ Kg7 44. Rb7 Kf8 45. Rb8+ Ke7 46. Rb7+ Kd6 47. Rxf7 Rxb3 48. Rf6 Kd7 49. Rxe6 Bd2 50. Rxg6 Re3+ 1/2-1/2

[Event "Barcelona Sant Marti op-B 17th"]
[Site "Barcelona"]
[Date "2015.07.20"]
[Round "8"]
[White "Lopez Oliva, Victor"]
[Black "Minko, Uliana"]
[Result "1-0"]
[WhiteElo "1753"]
[BlackElo "1270"]
[PlyCount "77"]
[EventDate "2015.07.13"]
[EventType "swiss"]
[EventRounds "9"]
[EventCountry "ESP"]
[SourceTitle "EXT 2016"]
[Source "ChessBase"]
[SourceDate "2015.10.08"]
[SourceVersion "1"]
[SourceVersionDate "2015.10.08"]
[SourceQuality "1"]

1. e4 e6 2. d4 d5 3. exd5 exd5 4. c4 c5 5. Nf3 Nf6 6. Nc3 b6 7. Bg5 Be7 8. Bxf6 gxf6 9. Nxd5 Bb7 10. Nxe7 Qxe7+ 11. Qe2 Qxe2+ 12. Bxe2 cxd4 13. 0-0 Nc6 14. Rad1 0-0-0 15. Rd2 Rd6 16. Rfd1 Rhd8 17. a3 Kc7 18. b4 Bc8 19. b5 Ne5 20. Nxd4 Kb8 21. Nc6+ Nxc6 22. Rxd6 Rxd6 23. Rxd6 Na5 24. Rxf6 Be6 25. Rf4 Nb3 26. Rh4 Bf5 27. Bh5 f6 28. Rf4 Bd3 29. Rxf6 Bxc4 30. Rf8+ Kc7 31. Ra8 Bxb5 32. Rxa7+ Kc6 33. Be8+ Kc5 34. Rc7+ Kd6 35. Rb7 Bxe8 36. Rxb6+ Kc5 37. Rxb3 h5 38. Re3 Kc4 39. Rxe8 1-0

[Event "Llinars del Valles op-B 8th"]
[Site "Llinars del Valles"]
[Date "2015.05.30"]
[Round "7"]
[White "Homs Jimenez, Pau"]
[Black "Lopez Oliva, Victor"]
[Result "1-0"]
[WhiteElo "1716"]
[BlackElo "1781"]
[PlyCount "49"]
[EventDate "2015.04.11"]
[EventType "swiss"]
[EventRounds "9"]
[EventCountry "ESP"]
[SourceTitle "EXT 2016"]
[Source "ChessBase"]
[SourceDate "2015.10.08"]
[SourceVersion "1"]
[SourceVersionDate "2015.10.08"]
[SourceQuality "1"]

1. d4 d5 2. c4 e6 3. Nf3 c5 4. g3 Nf6 5. Bg2 dxc4 6. Qa4+ Nc6 7. dxc5 Qa5+ 8. Qxa5 Nxa5 9. Ne5 Bxc5 10. Bd2 Bd4 11. Bxa5 Bxe5 12. Na3 Bxb2 13. Rd1 0-0 14. Nxc4 Ba3 15. Nxa3 Bd7 16. 0-0 Rab8 17. Bb4 Rfd8 18. Be7 h6 19. Bxd8 Rxd8 20. Bxb7 Rb8 21. Rb1 Nh7 22. Be4 Rd8 23. Rfd1 Ng5 24. Bc6 Nh3+ 25. Kf1 1-0

[Event "Llinars del Valles op-B 8th"]
[Site "Llinars del Valles"]
[Date "2015.04.18"]
[Round "2"]
[White "Lopez Martinez, Juan Luis"]
[Black "Lopez Oliva, Victor"]
[Result "1-0"]
[WhiteElo "1700"]
[BlackElo "1781"]
[PlyCount "93"]
[EventDate "2015.04.11"]
[EventType "swiss"]
[EventRounds "9"]
[EventCountry "ESP"]
[SourceTitle "EXT 2016"]
[Source "ChessBase"]
[SourceDate "2015.10.08"]
[SourceVersion "1"]
[SourceVersionDate "2015.10.08"]
[SourceQuality "1"]

1. e4 e5 2. Nc3 Nc6 3. Nf3 Bc5 4. Bc4 Nf6 5. 0-0 0-0 6. d3 h6 7. a3 d6 8. h3 a6 9. Nd5 Be6 10. c3 Na5 11. Nxf6+ Qxf6 12. Bxe6 Qxe6 13. b4 Nb3 14. Rb1 Nxc1 15. Rxc1 Ba7 16. Re1 Qa2 17. Ra1 Qxf2+ 18. Kh2 Qb6 19. Nh4 Qc6 20. Qg4 Kh7 21. Rf1 Qxc3 22. Nf5 g6 23. Ne7 Qb3 24. Rf6 Be3 25. Raf1 Bg5 26. Nxg6 Bxf6 27. Nxf8+ Rxf8 28. Qf5+ Kg8 29. Qxf6 Qxd3 30. Rf3 Qxe4 31. Rg3+ Qg6 32. Rxg6+ fxg6 33. Qxg6+ Kh8 34. Qxh6+ Kg8 35. g4 Re8 36. g5 Re7 37. Qf6 Rf7 38. Qe6 Kg7 39. h4 Rf4 40. Qh6+ Kg8 41. g6 e4 42. Qh7+ Kf8 43. g7+ Ke7 44. g8Q+ Kf6 45. Qg5+ Ke6 46. Qxf4 Kd5 47. Qhxe4# 1-0

[Event "Llinars del Valles op-B 8th"]
[Site "Llinars del Valles"]
[Date "2014.06.07"]
[Round "6"]
[White "Torregrosa Gonzalez, Iris"]
[Black "Lopez Oliva, Victor"]
[Result "1-0"]
[WhiteElo "1700"]
[BlackElo "1715"]
[PlyCount "47"]
[EventDate "2014.04.26"]
[EventType "swiss"]
[EventRounds "8"]
[EventCountry "ESP"]
[SourceTitle "EXT 2015"]
[Source "ChessBase"]
[SourceDate "2014.11.20"]
[SourceVersion "1"]
[SourceVersionDate "2014.11.20"]
[SourceQuality "1"]

1. e4 d5 2. exd5 Qxd5 3. Nc3 Qa5 4. d4 Nf6 5. Bd3 c6 6. Nf3 Bf5 7. 0-0 e6 8. a3 Nbd7 9. Bf4 Be7 10. Re1 0-0 11. b4 Qd8 12. Qe2 Bg4 13. Rad1 a5 14. Rb1 axb4 15. axb4 Ra3 16. Ne4 Bxf3 17. Qxf3 Nxe4 18. Qxe4 Nf6 19. Qf3 Qxd4 20. Red1 Qa7 21. Qe2 Nd5 22. Bd2 Ra4 23. Qe4 Qb6 24. Qxh7# 1-0

[Event "Llinars del Valles op-B 8th"]
[Site "Llinars del Valles"]
[Date "2014.05.17"]
[Round "4"]
[White "Oms Bruguera, Arnau"]
[Black "Lopez Oliva, Victor"]
[Result "1-0"]
[WhiteElo "1826"]
[BlackElo "1715"]
[PlyCount "83"]
[EventDate "2014.04.26"]
[EventType "swiss"]
[EventRounds "8"]
[EventCountry "ESP"]
[SourceTitle "EXT 2015"]
[Source "ChessBase"]
[SourceDate "2014.11.20"]
[SourceVersion "1"]
[SourceVersionDate "2014.11.20"]
[SourceQuality "1"]

1. d4 d5 2. c4 e6 3. Nf3 Nf6 4. e3 Nbd7 5. Nc3 b6 6. cxd5 exd5 7. Qb3 Bb7 8. Bd3 Bd6 9. Nb5 Be7 10. Bd2 a6 11. Nc3 0-0 12. 0-0 Re8 13. Rac1 Rb8 14. Qc2 c5 15. Ng5 g6 16. f4 c4 17. Be2 b5 18. a3 Bc6 19. f5 a5 20. fxg6 hxg6 21. h4 b4 22. Nd1 bxa3 23. bxa3 Bxa3 24. Rb1 Rxb1 25. Qxb1 Be7 26. h5 Kg7 27. hxg6 fxg6 28. Ne6+ Kf7 29. Nxd8+ Rxd8 30. Bxa5 Rb8 31. Qc2 Ra8 32. Bc3 Ba4 33. Qd2 Kg7 34. Bf3 Bxd1 35. Rxd1 Nf8 36. Ra1 Re8 37. Ra7 Ne6 38. Bb4 Kf7 39. Qf2 c3 40. Bxc3 Kg8 41. Qg3 Nf8 42. Rb7 1-0

[Event "Llinars del Valles op-B 8th"]
[Site "Llinars del Valles"]
[Date "2014.05.10"]
[Round "3"]
[White "Lopez Oliva, Victor"]
[Black "Alvaro Hermosa, Ramon"]
[Result "0-1"]
[WhiteElo "1715"]
[BlackElo "1841"]
[PlyCount "122"]
[EventDate "2014.04.26"]
[EventType "swiss"]
[EventRounds "8"]
[EventCountry "ESP"]
[SourceTitle "EXT 2015"]
[Source "ChessBase"]
[SourceDate "2014.11.20"]
[SourceVersion "1"]
[SourceVersionDate "2014.11.20"]
[SourceQuality "1"]

1. e4 e5 2. Nf3 Nc6 3. d4 exd4 4. Nxd4 Bc5 5. Be3 Bxd4 6. Bxd4 Nxd4 7. Qxd4 Qf6 8. Qxf6 Nxf6 9. Nc3 0-0 10. 0-0-0 Re8 11. Bd3 c6 12. f4 b5 13. a3 Rb8 14. e5 Ng4 15. Rdf1 b4 16. Nb1 bxa3 17. Nxa3 Rb4 18. c3 Ra4 19. h3 Ne3 20. Rf2 Nd5 21. Nc4 Ba6 22. Nd6 Re6 23. Bxa6 Ra1+ 24. Kd2 Rxh1 25. Bf1 f6 26. Nc4 Nb6 27. Nxb6 axb6 28. Bc4 Rb1 29. Bxe6+ dxe6 30. Ke3 Re1+ 31. Kd4 Kf7 32. c4 fxe5+ 33. fxe5+ Ke7 34. Rc2 c5+ 35. Kc3 Rxe5 36. b4 Re3+ 37. Kd2 Rg3 38. Ke1 cxb4 39. Rb2 b3 40. Kf2 Rc3 41. Ke2 Kd6 42. Kd2 Rg3 43. Ke1 Kc5 44. Kf2 Rc3 45. Ke2 Kxc4 46. Kd1 Rc2 47. Rxc2+ bxc2+ 48. Kxc2 b5 49. g4 e5 50. h4 b4 51. g5 b3+ 52. Kb2 e4 53. h5 g6 54. hxg6 hxg6 55. Kc1 e3 56. Kd1 b2 57. Ke2 b1Q 58. Kf3 Kd4 59. Ke2 Qc2+ 60. Ke1 Ke4 61. Kf1 Kf3 0-1